000
00288nam a2200109Ia 4500
008
230907s9999||||xx |||||||||||||| ||und||
082
_a
660.2969
_b
ELL
245
0
_a
Introductory chemical engineering thermodynamics /
260
_a
Pearson,
_b
Noida:
_c
2014
300
_a
873 p.
942
_c
BK
999
_c
600316
_d
600316